ANESTHESIOLOGY AND INTENSIVE CARE MEDICINE CHALLENGES AND CONCERNS (Record no. 34981)

MARC details
000 -LEADER
fixed length control field 00497nam a22001817a 4500
003 - CONTROL NUMBER IDENTIFIER
control field SGT
020 ## - INTERNATIONAL STANDARD BOOK NUMBER
International Standard Book Number 9781838278732
082 ## - DEWEY DECIMAL CLASSIFICATION NUMBER
Classification number 617.96
Item number A22B
100 ## - MAIN ENTRY--PERSONAL NAME
Personal name BOWERS, ADAM
245 ## - TITLE STATEMENT
Title ANESTHESIOLOGY AND INTENSIVE CARE MEDICINE CHALLENGES AND CONCERNS
250 ## - EDITION STATEMENT
Edition statement 1ST
260 ## - PUBLICATION, DISTRIBUTION, ETC. (IMPRINT)
Place of publication, distribution, etc USA
Name of publisher, distributor, etc AMERICAN MEDICAL PUB
Year of Publication 2022
300 ## - PAGE DESCRIPTION
No. of Pages 239
650 ## - SUBJECT ADDED ENTRY--TOPICAL TERM
Topical term or geographic name as entry element ANESTHESIA
653 ## - KEYWORDS--INDEX TERM
Keyword term ANESTHESIOLOGY AND INTENSIVE CARE MEDICINE CHALLENGES AND CONCERNS
942 ## - ADDED ENTRY ELEMENTS (KOHA)
Source of classification or shelving scheme Dewey Decimal Classification
Koha item type Books
Holdings
Withdrawn status Lost status Source of classification or shelving scheme Damaged status Not for loan Collection code Home library Current library Shelving location Date acquired Vendor Name Cost, normal purchase price SGTU Bill Number Total Checkouts Full call number Accession No. (Barcode) Date last seen Bill Date Koha item type
    Dewey Decimal Classification   Not For Loan MEDICAL SGT Medical Library SGT Medical Library Reference Book 01/06/2026 ABC DELHI 14694.00 SGTU 23076   617.96 A22B FM16325 29/06/2026 01/06/2026 Books